लोकसाहित्य और संस्कृति (Record no. 7302)

MARC details
000 -LEADER
fixed length control field 01121 a2200217 4500
005 - DATE AND TIME OF LATEST TRANSACTION
control field 20080915171732.0
008 - FIXED-LENGTH DATA ELEMENTS--GENERAL INFORMATION
fixed length control field 080915t xxu||||| |||| 00| 0 hin d
010 ## - LCCN (DPL NO)
LC control number HIN-80865
020 ## - INTERNATIONAL STANDARD BOOK NUMBER
International Standard Book Number 81857266
Terms of availability 200.00
035 ## - SYSTEM CONTROL NUMBER
System control number HN-53211
037 ## - SOURCE OF ACQUISITION
Source of stock number/acquisition D.B.Act / pub
082 ## - DEWEY DECIMAL CLASSIFICATION NUMBER
Classification number 398.2
100 ## - MAIN ENTRY--PERSONAL NAME
Personal name प्रसाद, दिनेश्वर
245 ## - TITLE STATEMENT
Title लोकसाहित्य और संस्कृति
Statement of responsibility, etc दिनेश्वर प्रसाद
250 ## - EDITION STATEMENT
Edition statement परिवर्दित द्वितीय संस्क
260 ## - PUBLICATION, DISTRIBUTION, ETC. (IMPRINT)
Place of publication, distribution, etc इलाहाबाद
Name of publisher, distributor, etc जय भारती प्रकाशन
Date of publication, distribution, etc 2007
270 ## - ADDRESS
Address 267बी, मुट्ठीगंज माया प्रेस रोड
City इलाहाबाद
Postal code 211003
300 ## - PHYSICAL DESCRIPTION
Extent 216पृ
Dimensions 22 सेमी (सजिल्द)
942 ## - ADDED ENTRY ELEMENTS (KOHA)
Institution code [OBSOLETE] dpl
Item type Hindi Books
Call number prefix 398.2 / प्रसाद
Source of classification or shelving scheme Dewey Decimal Classification
Classification part 398.2
Call number suffix प्रसाद
Holdings
Withdrawn status Lost status Source of classification or shelving scheme Damaged status Not for loan Home library Current library Date acquired Cost, normal purchase price Total Checkouts Full call number Barcode Date last seen Copy number Cost, replacement price Koha item type
    Dewey Decimal Classification     D.B.Act.Division D.B.Act.Division 15/09/2008 200.00   398.2 प्रसाद HN-53211 15/09/2008 1 200.00 Hindi Books

© Delhi Public Library
Hit Counter
free hit counter